000 00636nam a22002177a 4500
003 UA-OsUOA
001 85322
007 ta
008 20120622b un ||||| |||| 00| 0 ukr d
100 _aТвердохлібова Д.
090 _a330(477)
_bТ26
942 _cSA
040 _aUA-OsUOA
_bukr
_cUA-OsUOA
_dUA-OsUOA
245 _aМетодика оцінки впливу зовнішніх корпоративних запозичень на доходи бюджету
300 _aС.40-54
955 _a0
041 _aukr
080 _a330(477)
773 0 _w85321
650 7 _a330 Економіка взагалі
_2UDC
999 _c371651
_d371651